| 000 | 01063nam a22002897a 4500 | ||
|---|---|---|---|
| 001 | 4791 | ||
| 003 | FISKH | ||
| 005 | 20241016110856.0 | ||
| 008 | 241014b cb ||||| |||| 00| 0 eng d | ||
| 020 | _a9780194234344 | ||
| 040 |
_aFISKH _beng _cFISKH _dFISKH |
||
| 050 | _aPE1126.A4 | ||
| 082 | _a428.6 | ||
| 100 | _aLindop, Christine | ||
| 245 |
_aRed Roses / _cby Christine Lindop |
||
| 260 |
_aNew York : _bOxford University Press ; _c2008. |
||
| 300 |
_a40 pages : _bcolor illustrations ; _c20 cm . |
||
| 490 |
_aOxford Bookworms _vStarted |
||
| 505 | _aF | ||
| 520 | _a'Who is the man with the roses in his hand?' thinks Anna. 'I want to meet him.''Who is the girl with the guitar?' thinks Will. 'I like her. I want to meet her.'But they do not meet.'There are lots of men!' says Anna's friend Vicki, but Anna cannot forget Will. And then one rainy day . . . | ||
| 521 | 8 |
_a360
_bLexile |
|
| 521 | 8 |
_aF
_bRaz-Plus |
|
| 650 |
_aromance _vfiction |
||
| 700 |
_aReece, Gavin _eillustrator |
||
| 942 |
_2ddc _cBK _n0 |
||
| 999 |
_c4791 _d4791 |
||